000 00638nam a22002417a 4500
003 UA-OsUOA
001 37347
007 ta
008 20060306b un ||||| |||| 00| 0 ukr d
100 _aСавченко А.Г.
090 _a330.101.541
_bС13
942 _cBK
040 _aUA-OsUOA
_bukr
_cUA-OsUOA
_dUA-OsUOA
245 _aМакроекономічна політика
_bНавч. посібник
300 _a166 с.
955 _a2
041 _aukr
080 _a330.101.541
020 _a966-574-223-Х
260 _aК.
_bКНЕУ
_c2001
650 7 _a330 Економіка взагалі
_2UDC
999 _c323550
_d323550